Dr. Buza Barna
Správa o tom, že advokátska kancelária Barnabáša Buzu sa presťahovala do Sátoraljaujhely [z obce Tolcsva] na roh ulíc Petőfi a Fő [Hlvaná] ulica tzv. "Dom Rieder".
| Médium: | Článok |
|---|---|
| Jazyk: | Hungarian |
| Témy: | |
| Zdroj: |
1. Felsőmagyarországi Hirlap : Politikai lap 1. Roč. 4, č. 44 (01.06.1901) s. 4 |
| LEADER | 00990nab#a2200313#ar4500 | ||
|---|---|---|---|
| 001 | 000075113 | ||
| 003 | SVKKK | ||
| 005 | 20051102xxxxxxx. | ||
| 008 | 06 c xo huno | ||
| FMT | |||
| 038 | |a SVKKK | ||
| 040 | |a SVKKK |b slo |e AACR2 | ||
| 041 | 0 | |a hun | |
| 044 | |a xo |c SK | ||
| 080 | |a 347.962 | ||
| 242 | 1 | 0 | |a Dr. Barnabáš Buza |
| 245 | 0 | 0 | |a Dr. Buza Barna |
| 500 | |a mikrofilm | ||
| 520 | 2 | |a Správa o tom, že advokátska kancelária Barnabáša Buzu sa presťahovala do Sátoraljaujhely [z obce Tolcsva] na roh ulíc Petőfi a Fő [Hlvaná] ulica tzv. "Dom Rieder". | |
| 650 | 0 | 4 | |a Buza, Barnabáš (advokát) - kancelárai advokátska (presťahovanie) - Sátoraljaujhely (HU) - jún 1901 - správy |
| 773 | 0 | |t Felsőmagyarországi Hirlap : Politikai lap |g Roč. 4, č. 44 (01.06.1901) s. 4 | |
| 957 | |a Sátoraljaujhely (HU) | ||
| 957 | |a Tolcsva (HU) | ||
| 958 | |a DG | ||
| 958 | |a SK | ||
| 974 | |a Ba |d 20051102 | ||
| 992 | |a RBX | ||
| BAS | |||
| 998 | |a RETRO | ||